Monkey man / directed by Dev Pavel ; produced by Dev Pavel [and eight others] ; story by Dev Pavel. (Record no. 20802)

000 -LEADER
fixed length control field 01085nam a22002897a 4500
008 - FIXED-LENGTH DATA ELEMENTS--GENERAL INFORMATION
fixed length control field 250527b xxu||||| |||| 00| 0 eng d
040 ## - CATALOGING SOURCE
Original cataloging agency Cagayan State University
Description conventions RDA
082 ## - DEWEY DECIMAL CLASSIFICATION NUMBER
Classification number 791.4372
Item number M745 2024
245 ## - TITLE STATEMENT
Title Monkey man / directed by Dev Pavel ; produced by Dev Pavel [and eight others] ; story by Dev Pavel.
260 ## - PUBLICATION, DISTRIBUTION, ETC. (IMPRINT)
Place of publication, distribution, etc Canada :
Name of publisher, distributor, etc Universal Pictures,
Date of publication, distribution, etc 2024.
300 ## - PHYSICAL DESCRIPTION
Extent 1 videofile, 121 mins. :
Other physical details sound, color.
520 ## - SUMMARY, ETC.
Summary, etc An anonymous young man unleashes a campaign of vengeance against the corrupt leaders who murdered his mother and continue to systematically victimize the poor and powerless.
546 ## - LANGUAGE NOTE
Language note In English and Hindu subtitle.
650 ## - SUBJECT ADDED ENTRY--TOPICAL TERM
Topical term or geographic name as entry element Action.
650 ## - SUBJECT ADDED ENTRY--TOPICAL TERM
Topical term or geographic name as entry element Thriller.
650 ## - SUBJECT ADDED ENTRY--TOPICAL TERM
Topical term or geographic name as entry element Crime.
650 ## - SUBJECT ADDED ENTRY--TOPICAL TERM
Topical term or geographic name as entry element Marial Arts.
700 ## - ADDED ENTRY--PERSONAL NAME
Personal name Patel, Dev. star.
700 ## - ADDED ENTRY--PERSONAL NAME
Personal name Copley, Sharlto. star.
700 ## - ADDED ENTRY--PERSONAL NAME
Personal name Pitobash. star.
700 ## - ADDED ENTRY--PERSONAL NAME
Personal name Sharma, Vipin. star.
700 ## - ADDED ENTRY--PERSONAL NAME
Personal name Meir, Sharone. cinematographer.
700 ## - ADDED ENTRY--PERSONAL NAME
Personal name Jancso, David. editor.
700 ## - ADDED ENTRY--PERSONAL NAME
Personal name Murrell, Tim. editor.
700 ## - ADDED ENTRY--PERSONAL NAME
Personal name Galdo, Joe. editor.
942 ## - ADDED ENTRY ELEMENTS (KOHA)
Source of classification or shelving scheme
Item type Audio-Visual Materials
Holdings
Source of acquisition Price effective from Permanent location Date last seen Not for loan Date acquired Source of classification or shelving scheme Koha item type Collection code Shelving location Damaged status Lost status Withdrawn status Current location Full call number
Donation2025-05-27Cagayan State University - Carig Library2025-05-27 2025-05-27 Audio-Visual MaterialsElectronic Media CenterElectronic Media Center   Cagayan State University - Carig Library791.4372 M745 2024

Cagayan State University University Library, Carig Campus
Tuguegarao City, Cagayan 3500 | www.csucarig.edu.ph

Powered by Koha